|
|
|
|
| LEADER |
00836nam a2200205 a 4500 |
| 001 |
3868407 |
| 008 |
100222s1973 ii 000 0 eng d |
| 010 |
|
|
|a 88904340
|
| 040 |
|
|
|a DLC
|c DLC
|d DLC
|d BD-DhAAL
|
| 082 |
0 |
0 |
|a 305.4/0954
|2 20
|
| 100 |
1 |
|
|a Lam, Mithan J.,
|d 1898-
|
| 245 |
1 |
0 |
|a Women in India :
|b a general survey of their condition, status, and advancement /
|c by Mithan J. Lam.
|
| 260 |
|
|
|a New Delhi :
|b All India Women's Conference,
|c 1973
|
| 300 |
|
|
|a iii, 40, [a]-o, [a]-t p. ;
|c 19 cm.
|
| 500 |
|
|
|a Cover title.
|
| 541 |
1 |
|
|e 00001391
|
| 650 |
|
0 |
|a Women
|z India.
|
| 852 |
4 |
|
|a Ayesha Abed Library
|j General shelf
|
| 999 |
|
|
|c 7631
|d 7631
|
| 952 |
|
|
|0 0
|1 0
|2 ddc
|4 0
|6 305_409540000000000_LAM_1973
|7 0
|9 8341
|a BRACUL
|b BRACUL
|c GEN
|d 2010-02-22
|g 0.00
|l 1
|o 305.40954 LAM
|p 3010001391
|r 2016-06-29
|s 2016-06-28
|t 1
|w 2010-02-22
|y BK
|z Not price in Register
|